1153 1830 1211 1086 1312 1174 1476 1208 1899 1660 1985 1594 1735 1186 1068 1161 1533 1286 1527 1679 1901 1787 1851 1135 1338 1423 1562 1340 1696 1985 1033 1986 1135 1310 1646 1501 1842 1922 1282 1442 1854 1944 1883 1712 1810 1342 1841 1409 1600 1639 1708 1791 1428 1242 1771 1331 1550 1038 1558 1011 1446 1209 1682 1263 1337 1527 1042 1595 1030 1181 1521 1425 1787 1505 1214 1711 1870 1948 1538 1833 1113 1920 1677 1626 1351 1509 1319 1944 1398 1449 1965 1273 1080 1385 1431 1493 1578 1700 1927 BCNSPRNW ULIB Ver.6.0+V

เปลี่ยนเป็นภาษาไทย

Change to English
 แสดงรายละเอียดบรรณานุกรม
  กลับหน้าหลัก

Brief Record : Get Marc (ISO 2709) : E-mail record : QR code < ปิดหน้าต่าง
LEADER : 00000nam 2200000uu 4500
001    13399114282
003     ULIB
008    120321s||||||||th 000 0 tha d
020    ^a9789741114863
060 04 ^aWA100^bL784 ล.3
100 0  ^aชิษณุ พันธุ์เจริญ
245 00 ^aLive long & strong. ^nเล่ม 3, ^pสูงวัย /^cบรรณาธิการ : ชิษณุ พันธุ์เจริญ,กุลภา ศรีสวัสดิ์,สิรินทร ฉันศิริกาญจน
246 14 ^aLive long & strong. ^nเล่ม 3, ^pสูงวัย :
250    ^aพิมพ์ครั้งที่ 1
260    ^aกรุงเทพฯ :^bศูนย์เสริมพลังสร้างสุขภาพ,^c2554
300    ^a160 หน้า :^bภาพประกอบ ;^c21 ซม.
490 1  ^aคู่มือดูแลสุขภาพกายและใจจาก 3 คณะแพทย์จุฬาฯ รามาฯ ศิริราช
505 0  ^aล.1. ^tวัยเด็ก คู่มือดูแลสุขภาพแรกเกิด-วัยรุ่น -- ล.2.
650  4 ^aสุขภาพ
650  4 ^aการดูแลสุขภาพด้วยตนเอง
650  4 ^aผู้สูงอายุ^xสุขภาพและอนามัย
653    ^aผลงานอาจารย์คณะแพทยศาสตร์ศิริราชพยาบาล
700 0  ^aสิรินทร ฉันศิริกาญจน,^eบรรณาธิการ
700 0  ^aกุลภา ศรีสวัสดิ์,^eบรรณาธิการ
710 2  ^aมหาวิทยาลัยมหิดล. ^bคณะแพทยศาสตร์โรงพยาบาลรามาธิบดี
710 2  ^aมหาวิทยาลัยมหิดล. ^bคณะแพทยศาสตร์ศิริราชพยาบาล
710 2  ^aจุฬาลงกรณ์มหาวิทยาลัย. ^bคณะแพทยศาสตร์
830  0 ^aคู่มือดูแลสุขภาพกายและใจจาก 3 คณะแพทย์จุฬาฯ รามาฯ ศิริราช
945    ^p150^l0^i031322
945    ^p150^l0^i031323
945    ^p150^l0^i031324
995    ^aทศพร
999 ^a ทศพร
รายการนี้ยังไม่มีแท็ก
คุณยังไม่ได้ล็อกอิน คุณสามารถมีกิจกรรมร่วมกับเว็บไซต์ได้ แต่ต้องล็อกอินก่อน ::
  ล็อกอิน

รายการสื่อสารสนเทศ

ลำดับที่ ประเภท เลขเรียก/บาร์โค้ด สถานที่ สถานะ
1. วิทยาศาสตร์การแพทย์ และสุขภาพ
หนังสือสำรอง
สถานะ=หนังสือสำรอง
WA100 L784 ล.3 ฉ.1 
  Barcode: 031322
ห้องสมุดวิทยาเขตสวรรค์ประชารักษ์
►ส่วนจัดเก็บหนังสือเก่า สปร
บนชั้น
  ขอยืม
2. วิทยาศาสตร์การแพทย์ และสุขภาพ
วิทยาศาสตร์การแพทย์ และสุขภาพ
WA100 L784 ล.3 ฉ.2 
  Barcode: 031323
ห้องสมุดวิทยาเขตสวรรค์ประชารักษ์
►ส่วนจัดเก็บหนังสือเก่า สปร
บนชั้น
  ขอยืม
3. วิทยาศาสตร์การแพทย์ และสุขภาพ
วิทยาศาสตร์การแพทย์ และสุขภาพ
WA100 L784 ล.3 ฉ.3 
  Barcode: 031324
ห้องสมุดวิทยาเขตสวรรค์ประชารักษ์
►ส่วนจัดเก็บหนังสือเก่า สปร
บนชั้น
  ขอยืม

รายการใกล้เคียง
    ผู้แต่ง [ชิษณุ พันธุ์เจริญ]

    หัวเรื่อง [สุขภาพ]
    หัวเรื่อง [การดูแลสุขภาพด้วยตนเอง]

BibComment


ยังไม่เคยถูกคอมเมนท์

คอมเมนท์ทรัพยากรรายการนี้
  คอมเมนท์: Live long stron..


 Copyright 2026. Bcnsprnw @Library